| 000 | 00499 a2200157 4500 | ||
|---|---|---|---|
| 003 | OSt | ||
| 005 | 20231122145919.0 | ||
| 008 | 231122b |||||||| |||| 00| 0 eng d | ||
| 020 | _a9789354496691 | ||
| 040 | _coclc | ||
| 082 |
_a540 _bPAR/N |
||
| 100 |
_aParashar, Rakesh K _94078 |
||
| 245 |
_aNTA CSIR-UGC NET/SET(JRF & LS) Chemical Sciences / _cRakesh Kumar Parashar, Chayannika Singh, Jyoti Arora |
||
| 260 |
_bPearson, _c2023 |
||
| 942 |
_2ddc _cBK _h540 _iPAR/N _k540 _mPAR/N |
||
| 999 |
_c41852 _d41852 |
||